000 02236nkm0a2200445 4500
001 RU\NLR\BIBL_A\022502622
005 20260408070834.0
035 _a(NLR Aleph) 022502622
090 _a13388208
_c13388208
100 _a20250326d1926 u y0rusy50 ca
101 0 _arus
102 _aRU
116 _aiiycxx bf zz
135 _acrcn 024anaba
181 0 _ab4
_bxb2e
182 0 _an
200 1 _aРепка
_eкубики для детей
203 _aИзображение
_bнеподвижное
_bдвухмерное
_bвизуальное
_cнепосредственное
210 _a[Ленинград]
_cКубуч
_d[1926]
_eМосква
_g1-я Образцовая типо-лит. Госиздата
215 _a1 л. (6 изобр.)
_cхромолитогр.
_d39,5х26,6 (12,5х12,5 каждое)
300 _aЦенз. разрешение: Мосгублит № 19370
325 _aКопия доступна в Электрон. б-ке РНБ
606 1 _aНастольные игры
_yСССР
_92557039
_3RU\NLR\AUTH\6601725432
606 1 _aСказки русские
_jИзоиздания
_91197573
_3RU\NLR\AUTH\66166301
686 1 _aЧ711.259игры
712 0 2 _4650
_a"Кубуч", издательство
_cЛенинград
_3RU\NLR\AUTH\8810148503
_9791561
712 0 2 _4610
_aОбразцовая типография им. А. А. Жданова
_c1; Москва
_3RU\NLR\AUTH\8810047343
_9594563
830 _aДатировка - по поступлению в РНБ. АЯ ОЭФ
830 _aПоступление - экз. РНБ на шифре Э Пр.гр./И270-7-2, Эаф15359: "Г.П.Б. 1926", 1404. АЯ ОЭФ
852 0 0 _aNLR
_bЭ
_jПр.гр./И270-7-2
_mЭаф15359
856 0 _uhttps://vivaldi.nlr.ru/lp000070019/view
856 1 _uhttps://vivaldi.nlr.ru/lp000070019/cover
856 2 _uhttps://vivaldi.nlr.ru/lp000070019/text
942 _cVISUAL
980 _aNB
981 1 7 _a(17) Изографические материалы
_b(17) Промышленная графика